000 00435nam a2200157Ia 4500
003 GCL
008 140319s9999 xx 000 0 ara d
040 _aGCL /
_cGCL
082 0 4 _a953.1
_bح ج \\=aحافظ وهبهv
245 1 0 _aجزيرة العرب فى القرن العشرين
300 _a396 ص
490 _a
650 0 4 _aالسعودية - تاريخ
650 0 4 _aجزيرة العرب - تاريخ
942 _2ddc
_cBK
999 _c52225
_d52225